Bramkarze reprezentacji USA w XXI wieku - Statystyki

Ogólne statystyki
  • Ten quiz został rozwiązany 64 razy
    8 od ostatniego zresetowania
  • Średni wynik to 3 z 27
Statystyki odpowiedzi
Lata gry # Nazwisko % Poprawnych
2002-2017 121 Tim Howard
83%
2021- 51 Matt Turner
67%
2006-2019 64 Brad Guzan
33%
2023- 1 Gabriel Słonina
33%
1990-2007 102 Kasey Keller
17%
1994-2011 9 Marcus Hahnemann
17%
2018 1 Alex Bono
0%
2012-2020 8 Bill Hamid
0%
1992-2005 82 Brad Friedel
0%
2016-2017 3 David Bingham
0%
2011 1 David Yelldell
0%
2016- 10 Ethan Horvath
0%
2003-2005 2 Joe Cannon
0%
2005 1 Jon Busch
0%
2004 3 Jonny Walker
0%
1999-2006 5 Kevin Hartman
0%
2009-2017 3 Luis Robles
0%
2006-2007 2 Matt Reis
0%
2002-2018 22 Nick Rimando
0%
2024- 3 Patrick Schulte
0%
2011-2023 13 Sean Johnson
0%
1988-2006 100 Tony Meola
0%
2009-2010 7 Troy Perkins
0%
2015-2016 3 William Yarbrough
0%
1994-2001 8 Zach Thornton
0%
2006 1 Zach Wells
0%
2018- 30 Zack Steffen
0%
Nie znaleziono quizów pasujących do podanych kryteriów
Rozkład punktacji
Procent ludzi z każdym wynikiem
Percentyl według liczby udzielonych odpowiedzi
Twoja historia wyników
Nie rozwiązałeś tego quizu od ostatniego zresetowania